Miller, Chris. Chip war: The fight for the world’s most critical technology (Record no. 525975)

000 -LEADER
fixed length control field 00683nam a22001457a 4500
008 - FIXED-LENGTH DATA ELEMENTS--GENERAL INFORMATION
fixed length control field 240429b ||||| |||| 00| 0 eng d
100 ## - MAIN ENTRY--PERSONAL NAME
Personal name Demertzis, Maria
245 ## - TITLE STATEMENT
Title Miller, Chris. Chip war: The fight for the world’s most critical technology
260 ## - PUBLICATION, DISTRIBUTION, ETC. (IMPRINT)
Place of publication, distribution, etc Journal of Economic Literature
300 ## - PHYSICAL DESCRIPTION
Extent 62(1). Mar, 2024: p.329-330
520 ## - SUMMARY, ETC.
Summary, etc Demertzis, Maria. 2024. "Miller, Chris. Chip War: The Fight for the World’s Most Critical Technology." Journal of Economic Literature, 62 (1): 329-30. – Reproduced

https://www.aeaweb.org/articles?id=10.1257/jel.62.1.317.r8
773 ## - HOST ITEM ENTRY
Main entry heading Journal of Economic Literature
906 ## - LOCAL DATA ELEMENT F, LDF (RLIN)
Subject DIP BOOK REVIEW
942 ## - ADDED ENTRY ELEMENTS (KOHA)
Item type Articles
Holdings
Withdrawn status Lost status Source of classification or shelving scheme Damaged status Not for loan Permanent location Current location Date acquired Serial Enumeration / chronology Barcode Date last seen Koha item type
          Indian Institute of Public Administration Indian Institute of Public Administration 2024-04-29 62(1). Mar, 2024: p.329-330 AR131767 2024-04-29 Articles

Powered by Koha